header

Plain and ugly Janes (Record no. 44784)

MARC details
000 -LEADER
fixed length control field 01383nam a2200337Ia 4500
082 04 - DEWEY DECIMAL CLASSIFICATION NUMBER
Classification number 813/.54093522
100 1# - MAIN ENTRY--AUTHOR NAME
Personal name Wright, Charlotte M.
245 10 - TITLE STATEMENT
Title Plain and ugly Janes
260 ## - PUBLICATION, DISTRIBUTION, ETC. (IMPRINT)
Place of publication Iowa City :
Name of publisher University of Iowa Press,
Year of publication 2006.
300 ## - PHYSICAL DESCRIPTION
Number of Pages xiii, 136 p.
650 #0 - SUBJECT ADDED ENTRY--TOPICAL TERM
Topical Term Women in literature.
Topical Term American fiction
Topical Term Ugliness in literature.
Topical Term Feminine beauty (Aesthetics) in literature.
Topical Term Body image in literature.
856 40 - ELECTRONIC LOCATION AND ACCESS
Uniform Resource Identifier http://site.ebrary.com/lib/rucke/Doc?id=10354587

No items available.

© 2026 Rongo University
Contact us: librarian | system librarian | Rongo university